005950000a2200157000450024501230000065000300012365000170015365000100017065100490018065300370022965300440026604100140031070000210032410000220034577300700036710aAspectos ecológicos de la comunidad ictica de cabeza de coral aisladas en la bahía de Neguange ()14aEcología de poblaciones14aIctiología14aPeces 4lParque Nacional TayronadMagdalenapColombia gPhaeoptixePhaeoptix pigmentaria gCoryphopteruseCoryphopterus personatus0 aEspañol1 aAcero P., Arturo1 aHerrera A., Oscar1 tTrianea: Acta Científica y Tecnológica3159h4q375-383d1991